Grammy Winning Artists - Sudden Death - Statistics

General Stats
  • This quiz has been taken 654 times
  • The average score is 6 of 30
Answers on the Grid
Answers color-coded by a green-red scale on the quiz's grid according to % correct below.
Beyonce
Kendrick Lamar
Jimi Hendrix Experience
Joan Jett & The Blackhearts
Alicia Keys
SZA
Lynyrd Skynyrd
50 Cent
The Who
Marvin Gaye
Bryan Adams
Queen
Meghan Trainor
Jelly Roll
Black Sabbath
Eurythmics
Meat Loaf
DaBaby
Marilyn Manson
J. Cole
Coolio
Depeche Mode
Kid Rock
Pantera
Shaggy
Judas Priest
Kool & The Gang
Linkin Park
The Runaways
Eminem
Camila Cabello
Billie Eilish
Will Smith
Chuck Berry
Bob Marley
LL Cool J
Pharrell Williams
Foo Fighters
Nicki Minaj
Guns N Roses
KISS
Avril Lavigne
Lil Wayne
Amy Winehouse
Dr Dre
Dolly Parton
Tom Petty & The Heartbreakers
Kenny Loggins
Vanilla Ice
Bruce Springsteen
 
Answer Stats
Answer % Correct
Beyonce
96%
Kendrick Lamar
85%
SZA
52%
Alicia Keys
47%
Billie Eilish
45%
Eminem
38%
Amy Winehouse
28%
Pharrell Williams
25%
Meghan Trainor
21%
50 Cent
19%
Dr Dre
19%
Dolly Parton
18%
Bruce Springsteen
13%
Will Smith
11%
J. Cole
10%
Lil Wayne
10%
Marvin Gaye
10%
Foo Fighters
7%
Linkin Park
7%
Coolio
6%
Black Sabbath
3%
Bryan Adams
3%
Kenny Loggins
3%
Meat Loaf
3%
Shaggy
3%
LL Cool J
2%
Tom Petty & The Heartbreakers
2%
Eurythmics
1%
Kool & The Gang
1%
Judas Priest
0%
No matching quizzes found
Score Distribution
Percent of People with Each Score
Percentile by Number Answered
Your Score History
You have not taken this quiz